Sborník o vitamínoch referáty z konferencie odborných pracovníkov v potravinárskom priemysle v Smoleniciach

Bibliographic Details
Format: Book
Language:Slovak
Czech
PhysicalDescription:207 strán fotografie, grafy, ilustrácie, tabuľky 21 cm
Published: Bratislava Slovenské vydavateľstvo technickej literatúry 1955
Edition:Vydanie prvé
Series:Edícia literatúry pre potravinársky priemysel
Subjects:

MARC

LEADER 00000cam a2200000 a 4500
001 vtls008395455
003 SK-MaSNL
005 20260301123556.0
008 230403s1955 xo odalgrn 000 0 slo
015 |a SNBA19451955-010554 
020 |q (brožované) 
035 |a SK01SNKBKSFS20010087672 
035 |a urn:nbn:sk:snk-am3ieqw 
035 |a urn:nbn:sk:snk-am00e784 
035 |a 9DCE30D1-891F-4AB4-8504-D70ECC1B7ACE 
035 |a SKM000090135 
040 |a SNK  |b slo  |c SNK  |e AACR2 
041 0 |a slo  |a cze 
044 |a xo  |c SK 
080 |a 663/664  |2 2011 
080 |a 615.356  |2 2011 
080 |a (082)  |2 2011 
245 0 0 |a Sborník o vitamínoch  |b referáty z konferencie odborných pracovníkov v potravinárskom priemysle v Smoleniciach 
250 |a Vydanie prvé 
260 |a Bratislava  |b Slovenské vydavateľstvo technickej literatúry  |c 1955  |e Žilina  |f Pravda 
300 |a 207 strán  |b fotografie, grafy, ilustrácie, tabuľky  |c 21 cm 
366 |e 1200 kusov 
490 1 |a Edícia literatúry pre potravinársky priemysel 
504 |a Obsahuje bibliografiu 
546 |a Čiastočný text v češtine 
650 0 7 |a potravinársky priemysel  |2 SNKPH  |9 974 
650 0 7 |a vitamíny  |2 SNKPH  |9 2616 
655 7 |a zborníky  |2 SNKPH  |9 70165 
830 0 |a Edícia literatúry pre potravinársky priemysel  |9 294578 
852 |a Slovenská národná knižnica 
954 |a odborná, vedecká literatúra pôvodná (slovenská)  |2 lita 
958 |a OND 
958 |a RK 
958 |a TL 
958 |a ZB 
958 |a NB 
958 |a EUIPO 
999 |c 736741  |d 738671 
952 |a SNK  |b SNK  |y PREZ  |7 0  |p 17A0772686  |o snkSC 7006  |i snk8631/55  |0 0  |1 0  |4 0  |d 2011-12-12  |f 1  |l 0  |r 2025-07-04 00:00:00  |w 2026-02-23 
952 |t P60, <04>, [BOOK], {604}  |a SNK  |b SNK  |y VYP  |7 0  |p 17A0299251  |o snkSC 7006 D1  |0 0  |1 0  |4 0  |d 2001-04-30  |l 0  |r 2005-01-02 00:00:00  |w 2026-02-23